| 000 | 00567nam a2200169 i 4500 | ||
|---|---|---|---|
| 001 | 134941 | ||
| 003 | ES-MaACL | ||
| 005 | 20230906194757.0 | ||
| 007 | t| | ||
| 008 | 070703s1928 it ||||1| ita d | ||
| 100 | 1 |
_aTilgher, Adriano. _9110257 |
|
| 245 | 1 | 0 |
_aStudi sul teatro contemporaneo _b: preceduti da un saggio su l'arte como originalita e i problema dell'arte / _cAdriano Tilgher. |
| 250 | _a3ยช edizione aggiornata e accresciuta. | ||
| 260 |
_aRoma : _bLibreria di Scienze e Lettere, _c1928. |
||
| 300 |
_a322 p. ; _c21 cm. |
||
| 852 |
_aES-MaACL _jA-2677 |
||
| 999 |
_c134941 _d134941 |
||